[Event "Barcelona Tres Peons op-A 15th"]
[Site "Barcelona"]
[Date "2013.01.11"]
[Round "1"]
[White "Exposito Amaro, Josue"]
[Black "Lopez Corominas, Albert"]
[Result "1-0"]
[WhiteElo "2273"]
[BlackElo "1926"]
[PlyCount "57"]
[EventDate "2013.01.11"]
[EventType "swiss"]
[EventRounds "9"]
[EventCountry "ESP"]
[SourceTitle "EXT 2014"]
[Source "ChessBase"]
[SourceDate "2013.11.20"]
[SourceVersion "1"]
[SourceVersionDate "2013.11.20"]
[SourceQuality "1"]

1. d4 g6 2. e4 Bg7 3. Nc3 a6 4. f4 d6 5. Nf3 b5 6. Bd3 Nd7 7. e5 Bb7 8. 0-0 e6 9. Ne4 Bxe4 10. Bxe4 d5 11. Bd3 Ne7 12. c3 c5 13. Qe1 c4 14. Bc2 Rb8 15. Ng5 Qb6 16. b3 Qc7 17. Ba3 Rc8 18. Qh4 Nf8 19. bxc4 h6 20. Nf3 bxc4 21. Bd6 Qa7 22. Ba4+ Kd8 23. Rab1 g5 24. fxg5 Nf5 25. Qf2 Nxd6 26. exd6 Ng6 27. gxh6 Bxh6 28. Ne5 Nxe5 29. Qf6+ 1-0

[Event "Barcelona La Lira-A 15th"]
[Site "Barcelona"]
[Date "2012.07.28"]
[Round "8"]
[White "De la Fuente Clemente, Constantin"]
[Black "Lopez Corominas, Albert"]
[Result "1-0"]
[WhiteElo "1872"]
[BlackElo "1928"]
[PlyCount "73"]
[EventDate "2012.07.21"]
[EventType "tourn"]
[EventRounds "9"]
[EventCountry "ESP"]
[SourceTitle "EXT 2014"]
[Source "ChessBase"]
[SourceDate "2013.11.20"]
[SourceVersion "1"]
[SourceVersionDate "2013.11.20"]
[SourceQuality "1"]

1. e4 g6 2. d4 Bg7 3. f4 c5 4. c3 cxd4 5. cxd4 d5 6. e5 Nh6 7. Nf3 Nc6 8. Bb5 0-0 9. h3 Qb6 10. Nc3 Nf5 11. Bxc6 Qxc6 12. Kf2 h5 13. g4 hxg4 14. hxg4 Nh6 15. Rxh6 Bxh6 16. Qh1 Bg7 17. Ng5 Rd8 18. Qh7+ Kf8 19. f5 gxf5 20. gxf5 f6 21. Nf3 fxe5 22. Bg5 Qb6 23. Bxe7+ Kxe7 24. Qxg7+ Kd6 25. Qxe5+ Kc6 26. Qf6+ Rd6 27. Ne5+ Kc7 28. Qe7+ Kb8 29. Nb5 Rf6 30. Nd7+ Bxd7 31. Qxd7 Rf8 32. Re1 Qd8 33. Qh7 a6 34. Qh2+ Kc8 35. Rc1+ Kd7 36. Rc7+ Ke8 37. Qe5+ 1-0

[Event "Barcelona La Lira-A 15th"]
[Site "Barcelona"]
[Date "2012.07.26"]
[Round "6"]
[White "Lopez Corominas, Albert"]
[Black "Herms Agullo, Jordi"]
[Result "0-1"]
[WhiteElo "1928"]
[BlackElo "2095"]
[PlyCount "52"]
[EventDate "2012.07.21"]
[EventType "tourn"]
[EventRounds "9"]
[EventCountry "ESP"]
[SourceTitle "EXT 2014"]
[Source "ChessBase"]
[SourceDate "2013.11.20"]
[SourceVersion "1"]
[SourceVersionDate "2013.11.20"]
[SourceQuality "1"]

1. e4 e5 2. Bc4 Nc6 3. d3 Bc5 4. Nf3 Nf6 5. Nc3 h6 6. a3 a6 7. h3 0-0 8. 0-0 b5 9. Ba2 d6 10. Nd5 Nxd5 11. Bxd5 Bd7 12. c3 Rb8 13. d4 Bb6 14. Be3 Qf6 15. dxe5 dxe5 16. Bxb6 Rxb6 17. b4 Bc8 18. Qe2 Ne7 19. Rad1 Ng6 20. Nh2 Nf4 21. Qf3 Qg5 22. Kh1 Rg6 23. Rg1 Rf6 24. Qe3 Qh5 25. Qf3 Nxh3 26. g4 Qh4 0-1

[Event "Barcelona La Lira-A 15th"]
[Site "Barcelona"]
[Date "2012.07.25"]
[Round "5"]
[White "Guix Torres, David"]
[Black "Lopez Corominas, Albert"]
[Result "1-0"]
[WhiteElo "1993"]
[BlackElo "1928"]
[PlyCount "127"]
[EventDate "2012.07.21"]
[EventType "tourn"]
[EventRounds "9"]
[EventCountry "ESP"]
[SourceTitle "EXT 2014"]
[Source "ChessBase"]
[SourceDate "2013.11.20"]
[SourceVersion "1"]
[SourceVersionDate "2013.11.20"]
[SourceQuality "1"]

1. d4 g6 2. Nc3 Bg7 3. Bf4 d6 4. Qd2 Nc6 5. Nf3 Bg4 6. e3 Nf6 7. Be2 a6 8. 0-0-0 b5 9. h3 Bd7 10. e4 b4 11. Nd5 Nxe4 12. Qe3 f5 13. Bh6 0-0 14. Bxg7 Kxg7 15. h4 e6 16. Nf4 Nf6 17. Ng5 Nd5 18. Ngxe6+ Bxe6 19. Nxe6+ Kf6 20. Nxd8 Nxe3 21. Nxc6 Nxd1 22. Rxd1 a5 23. Bf3 Ra6 24. d5 Re8 25. Kd2 h6 26. Re1 Rxe1 27. Kxe1 g5 28. hxg5+ hxg5 29. Kd2 g4 30. Be2 Ra8 31. g3 Kg5 32. Nd4 Kf6 33. Bd3 Ke5 34. Nxf5 Rf8 35. Ke3 Kxd5 36. Kf4 c5 37. Kxg4 c4 38. Ne3+ Kd4 39. Nxc4 d5 40. Nxa5 Rxf2 41. Nb3+ Ke5 42. a4 bxa3 43. bxa3 Rf8 44. a4 Rg8+ 45. Kf3 Rf8+ 46. Ke3 Rg8 47. Kf3 Rf8+ 48. Kg2 Rb8 49. a5 Rb4 50. a6 Ra4 51. Kf3 Kf6 52. Nc5 Ra5 53. Nb7 Ra4 54. Nc5 Ra5 55. Nb3 Ra4 56. Nd2 Kg5 57. Nf1 Kf6 58. Ne3 Ke5 59. g4 Ra5 60. g5 Ra4 61. Kg3 Rd4 62. Bb5 Rf4 63. a7 Rf8 64. Bc6 1-0

[Event "Barcelona La Lira-A 15th"]
[Site "Barcelona"]
[Date "2012.07.23"]
[Round "3"]
[White "Xanco Compains, Joan"]
[Black "Lopez Corominas, Albert"]
[Result "1-0"]
[WhiteElo "2125"]
[BlackElo "1928"]
[PlyCount "63"]
[EventDate "2012.07.21"]
[EventType "tourn"]
[EventRounds "9"]
[EventCountry "ESP"]
[SourceTitle "EXT 2014"]
[Source "ChessBase"]
[SourceDate "2013.11.20"]
[SourceVersion "1"]
[SourceVersionDate "2013.11.20"]
[SourceQuality "1"]

1. e4 g6 2. d4 Bg7 3. c4 d6 4. Nc3 Nf6 5. Nf3 0-0 6. Be2 e5 7. h3 Nc6 8. d5 Ne7 9. Bg5 Nh5 10. g4 Nf4 11. Qd2 h6 12. Bxf4 exf4 13. Qxf4 g5 14. Qd2 Ng6 15. Nd4 Be5 16. Nf5 Kh7 17. Bf3 Qf6 18. Nd1 Re8 19. Rb1 Bxf5 20. gxf5 Nh4 21. Qd3 Qxf5 22. Bg4 Qf4 23. Ne3 f5 24. Bxf5+ Nxf5 25. Nxf5 Bxb2 26. Ne3 Bc3+ 27. Qxc3 g4 28. hxg4 Re5 29. Rh3 Rf8 30. f3 Rxe4 31. fxe4 Qf2+ 32. Kd1 1-0

[Event "Albacete op U2300 1st"]
[Site "Albacete"]
[Date "2012.04.27"]
[Round "1"]
[White "Lopez Corominas, Albert"]
[Black "Bermejo Martinez, Jorge"]
[Result "0-1"]
[WhiteElo "1928"]
[BlackElo "2267"]
[PlyCount "88"]
[EventDate "2012.04.27"]
[EventType "swiss"]
[EventRounds "9"]
[EventCountry "ESP"]
[SourceTitle "EXT 2014"]
[Source "ChessBase"]
[SourceDate "2013.11.20"]
[SourceVersion "1"]
[SourceVersionDate "2013.11.20"]
[SourceQuality "1"]

1. e4 c5 2. Nf3 g6 3. d4 cxd4 4. Nxd4 Bg7 5. Nc3 Nc6 6. Be3 Nf6 7. Be2 0-0 8. 0-0 d6 9. Kh1 Bd7 10. Nb3 Rb8 11. a4 Rc8 12. f3 a5 13. Nb5 Be6 14. N3d4 Nxd4 15. Bxd4 Bc4 16. Bxc4 Rxc4 17. b3 Rc8 18. Na7 Ra8 19. c4 Rxa7 20. Bxa7 b6 21. e5 Nd7 22. exd6 Bxa1 23. dxe7 Qxe7 24. Re1 Qb4 25. Qxa1 Ra8 26. Bxb6 Qxb6 27. h3 Qxb3 28. Qd1 Qxd1 29. Rxd1 Nc5 30. Kg1 Nxa4 31. Ra1 Nc5 32. Kf2 a4 33. Ke2 Rd8 34. Ra3 Rd4 35. Rc3 Rd7 36. Ke3 f5 37. Ra3 Kf7 38. h4 f4+ 39. Kxf4 Rd4+ 40. Ke5 Rd3 41. Ra2 a3 42. f4 Na6 43. Ke4 Nb4 44. Ra1 Rb3 0-1

[Event "Barcelona Ateneu Colon op 7th"]
[Site "Barcelona"]
[Date "2012.04.11"]
[Round "4"]
[White "Lopez Corominas, Albert"]
[Black "Lecha Gonzalez, Jesus Nicolas"]
[Result "1-0"]
[WhiteElo "1928"]
[BlackElo "2088"]
[PlyCount "53"]
[EventDate "2012.03.14"]
[EventType "swiss"]
[EventRounds "9"]
[EventCountry "ESP"]
[SourceTitle "EXT 2013"]
[Source "ChessBase"]
[SourceDate "2012.11.22"]
[SourceVersion "1"]
[SourceVersionDate "2012.11.22"]
[SourceQuality "1"]

1. e4 c5 2. Nf3 d6 3. d4 cxd4 4. Nxd4 Nf6 5. Nc3 g6 6. Bc4 Bg7 7. Bb3 Nc6 8. Be3 0-0 9. f3 Bd7 10. Qd2 Qa5 11. Nde2 Rfc8 12. h4 Ne5 13. Bh6 Nc4 14. Bxc4 Rxc4 15. Bxg7 Kxg7 16. h5 Nxh5 17. g4 Nf6 18. Qh6+ Kg8 19. g5 Nh5 20. 0-0-0 Qe5 21. Nd5 Rac8 22. c3 R4c5 23. Nef4 Rxd5 24. Nxd5 Bc6 25. f4 Qe6 26. Rxh5 gxh5 27. Qxe6 1-0

[Event "Barcelona Ateneu Colon op 7th"]
[Site "Barcelona"]
[Date "2012.03.28"]
[Round "3"]
[White "Capellades Subirana, Marc"]
[Black "Lopez Corominas, Albert"]
[Result "1-0"]
[WhiteElo "2266"]
[BlackElo "1928"]
[PlyCount "49"]
[EventDate "2012.03.14"]
[EventType "swiss"]
[EventRounds "9"]
[EventCountry "ESP"]
[SourceTitle "EXT 2013"]
[Source "ChessBase"]
[SourceDate "2012.11.22"]
[SourceVersion "1"]
[SourceVersionDate "2012.11.22"]
[SourceQuality "1"]

1. e4 g6 2. d4 Bg7 3. c4 d6 4. Nc3 Nc6 5. Be3 Nf6 6. f3 h5 7. Qd2 a6 8. Bd3 Bd7 9. Nge2 Kf8 10. h3 Qc8 11. f4 e5 12. fxe5 dxe5 13. d5 Ne7 14. Ng1 c5 15. Nf3 Ne8 16. 0-0 Nd6 17. Ng5 Kg8 18. Qf2 Qe8 19. Bxc5 Nec8 20. Bxd6 Nxd6 21. c5 f6 22. Ne6 Bxe6 23. dxe6 Nb5 24. Bxb5 axb5 25. Nd5 1-0